Statystyki dla Kraje najbliżej Belgii - Jedna Minuta Sprint

Kliknij tutaj aby rozwiązać quiz!

Ogólne statystyki

  • Ten quiz został rozwiązany 96 razy
  • Średni wynik to 13 z 20

Statystyki odpowiedzi

kmkraj% Poprawnych
0Holandia
100%
0Niemcy
99%
0Francja
97%
595Polska
96%
0Luksemburg
91%
254Szwajcaria
77%
450Dania
76%
404Czechy
73%
80Zjednoczone
Królestwo
72%
357Áustria
70%
426Włochy
68%
372Liechtenstein
66%
785Słowacja
59%
658Szwecja
59%
734Norwegia
57%
622Irlandia
51%
668Słowenia
47%
657Monako
38%
799San Marino
30%
731Chorwacja
15%

Rozkład punktacji

Percentyl według liczby udzielonych odpowiedzi

Procent ludzi z każdym wynikiem

Twoja historia wyników

Nie rozwiązałeś tego quizu